Manažment /
Saved in:
| Main Author: | |
|---|---|
| Format: | Book |
| Language: | Slovak |
| Published: |
Bratislava :
Iura Edition,
2007
|
| Edition: | 3. preprac. a dopl. vyd. |
| Series: | Ekonómia. 201
|
| Subjects: | |
| ISBN: | 9788080781330 |
| Online Access: |
|
| Tags: |
Add Tag
No Tags, Be the first to tag this record!
|
MARC
| LEADER | 00000aam a2200000 4500 | ||
|---|---|---|---|
| 003 | SK-BrCVT | ||
| 005 | 20220621162722.0 | ||
| 008 | 070528s2007 xo e ||||||slo d | ||
| 020 | |a 9788080781330 | ||
| 035 | |a CVTIDW1407039 | ||
| 040 | |b slo |a CVTI SR |e AACR2 | ||
| 041 | 0 | |a slo | |
| 044 | |a xo | ||
| 080 | |a 65.012.4 |2 UDC-MRF | ||
| 100 | 1 | |a Sedlák, Mikuláš |d 1928-, |4 aut | |
| 245 | 1 | 0 | |a Manažment / |c Mikuláš Sedlák |
| 250 | |a 3. preprac. a dopl. vyd. | ||
| 260 | |a Bratislava : |b Iura Edition, |c 2007 | ||
| 300 | |a 360 s. : |b fotogr., lit., obr., tab. ; | ||
| 490 | 1 | |a Ekonómia. 201 |3 0554808 | |
| 653 | 1 | |a vedecké riadenie |a empirizmus |a rozhodovanie |a plánovanie |a kontrola |a motivácia | |
| 760 | 1 | |t Ekonómia | |
| 910 | |b A601974 |b A602036 |b A602037 | ||
| 919 | |a 978-80-8078-133-0 | ||
| 974 | |f Knihy | ||
| 992 | |a AMG | ||
| 999 | |c 152053 |d 152053 | ||

